000 01015nam a22002417a 4500
005 20240530110525.0
008 160229s2013 ua g b 000 0 ara d
017 _a2013/132670
_bمصر . دار الكتب المصرية
020 _a879779517215
040 _aEG-CaGPL
082 0 4 _221
_a327.14\
_bأ ح
100 0 _aاحمد عبدالرحمن موسى
245 1 2 _aالحروب الاعلامية على الاسلام و المسلمين من احداث سبتمبر حتى ثورات الربيع العربى /
_cاحمد عبدالرحمن موسى
250 _aط1
260 _aالقاهرة :
_bدار زهور المعرفة و البركة ،
_c2013 .
300 _a206 ص ؛
_c24 سم .
504 _aيشتمل على ارجاعات ببليوجرافية
650 0 4 _aالاسلام دفع مطاعن
650 0 4 _aالاعلام العربى و الاسلام
650 0 4 _aالحروب الاعلامية
942 _2ddc
_cBK
999 _c61970
_d61970